[Event "Mittelfranken-ch QT"]
[Site "Nuremberg"]
[Date "2015.04.01"]
[Round "1"]
[White "Majid, Hakim"]
[Black "Nagel, Felix"]
[Result "0-1"]
[WhiteElo "1287"]
[BlackElo "1670"]
[PlyCount "64"]
[EventDate "2015.04.01"]
[EventType "swiss"]
[EventRounds "7"]
[EventCountry "GER"]
[SourceTitle "CBM 166 Extra"]
[Source "ChessBase"]
[SourceDate "2015.06.18"]
[SourceVersion "1"]
[SourceVersionDate "2015.06.18"]
[SourceQuality "1"]

1. e4 c6 2. c4 d5 3. d3 e5 4. Nd2 Nf6 5. Ngf3 Qc7 6. Be2 Bc5 7. 0-0 0-0 8. Nb3 Be7 9. Bd2 dxe4 10. dxe4 Nxe4 11. Be3 Rd8 12. Qc2 Bf5 13. Qc1 c5 14. Bg5 Nxg5 15. Nxg5 h6 16. Nf3 e4 17. Ne1 Bg5 18. Qc3 Bf6 19. Qc1 Qe5 20. Rb1 Nc6 21. Nc2 Nd4 22. Ncxd4 cxd4 23. c5 e3 24. f4 Qe4 25. Ra1 d3 26. Bf3 Qe7 27. Re1 d2 28. Nxd2 exd2 29. Rxe7 dxc1Q+ 30. Rxc1 Bxe7 31. Bxb7 Rab8 32. c6 Rd2 0-1

[Event "Mittelfranken-ch QT"]
[Site "Nuremberg"]
[Date "2015.04.01"]
[Round "2"]
[White "Nagel, Felix"]
[Black "Babichev, Vyacheslav"]
[Result "1-0"]
[WhiteElo "1670"]
[BlackElo "1830"]
[PlyCount "71"]
[EventDate "2015.04.01"]
[EventType "swiss"]
[EventRounds "7"]
[EventCountry "GER"]
[SourceTitle "CBM 166 Extra"]
[Source "ChessBase"]
[SourceDate "2015.06.18"]
[SourceVersion "1"]
[SourceVersionDate "2015.06.18"]
[SourceQuality "1"]

1. d4 Nf6 2. c4 c5 3. d5 d6 4. Nc3 g6 5. e4 Bg7 6. Bg5 0-0 7. Qd2 Nbd7 8. Bh6 Qa5 9. Bxg7 Kxg7 10. f4 a6 11. Nf3 Re8 12. Bd3 Qc7 13. 0-0 Nf8 14. Rae1 Bd7 15. e5 Ng4 16. h3 Nh6 17. Ne4 b5 18. exd6 Qd8 19. Qc3+ f6 20. cxb5 exd6 21. Nxd6 Rxe1 22. Rxe1 Bxb5 23. Nxb5 axb5 24. Qxc5 Rxa2 25. Bxb5 Rxb2 26. Re8 Ne6 27. Qa7+ Qc7 28. Re7+ Nf7 29. Rxc7 Nxc7 30. Qxc7 Rxb5 31. Nd4 Rb1+ 32. Kh2 h5 33. Ne6+ Kg8 34. Qc8+ Kh7 35. Qf8 Rb7 36. Qg7# 1-0

[Event "Mittelfranken Mitte-ch 1112"]
[Site "Zirndorf"]
[Date "2012.01.07"]
[Round "4"]
[White "Nagel, Felix"]
[Black "Dreiseitel, Werner"]
[Result "1-0"]
[WhiteElo "1762"]
[BlackElo "1465"]
[PlyCount "55"]
[EventDate "2012.01.05"]
[EventType "swiss"]
[EventRounds "7"]
[EventCountry "GER"]
[SourceTitle "EXT 2015"]
[Source "ChessBase"]
[SourceDate "2014.11.20"]
[SourceVersion "1"]
[SourceVersionDate "2014.11.20"]
[SourceQuality "1"]

1. e4 c6 2. d4 d5 3. exd5 cxd5 4. c4 Nf6 5. cxd5 Nxd5 6. Bc4 e6 7. Nf3 Be7 8. 0-0 0-0 9. Re1 a6 10. Qe2 b5 11. Bxd5 Qxd5 12. Nc3 Qd7 13. Bf4 Bb7 14. Rad1 Bb4 15. a3 Ba5 16. Ne5 Qc8 17. Qg4 Kh8 18. Re3 Nd7 19. Rg3 g6 20. Rh3 f5 21. Nxg6+ Kg7 22. Qg5 hxg6 23. Qe7+ Rf7 24. Rh7+ Kxh7 25. Qxf7+ Kh8 26. Rd3 Nf6 27. Rh3+ Nh5 28. Be5# 1-0

[Event "Mittelfranken Mitte-ch 1112"]
[Site "Zirndorf"]
[Date "2012.01.07"]
[Round "5"]
[White "Weissmann, Peter"]
[Black "Nagel, Felix"]
[Result "0-1"]
[WhiteElo "1738"]
[BlackElo "1762"]
[PlyCount "70"]
[EventDate "2012.01.05"]
[EventType "swiss"]
[EventRounds "7"]
[EventCountry "GER"]
[SourceTitle "EXT 2015"]
[Source "ChessBase"]
[SourceDate "2014.11.20"]
[SourceVersion "1"]
[SourceVersionDate "2014.11.20"]
[SourceQuality "1"]

1. e4 e5 2. d4 exd4 3. Nf3 Bc5 4. Bc4 Ne7 5. Ng5 d5 6. exd5 Ng6 7. 0-0 0-0 8. c3 dxc3 9. Nxc3 h6 10. Nge4 Bd6 11. Nxd6 cxd6 12. Qh5 Re8 13. Be3 Nd7 14. Bd4 Nf6 15. Bxf6 Qxf6 16. Rfe1 Bd7 17. Ne4 Qxb2 18. Nxd6 Rxe1+ 19. Rxe1 Qb4 20. Re7 Qxd6 21. Re4 Re8 22. Rxe8+ Bxe8 23. Qe2 Qe5 24. Qd1 Qd6 25. Qe2 Kf8 26. Bb5 Bxb5 27. Qxb5 Qb6 28. Qd3 Nf4 29. Qd1 Nxd5 30. g3 Nc3 31. Qf3 Nxa2 32. Qa3+ Nb4 33. Qc3 a5 34. Qc8+ Ke7 35. Qh8 Nd3 0-1